[Event "26th Sigeman & Co 2021"]
[Site "Malmo SWE"]
[Date "2021.09.28"]
[Round "6.1"]
[White "Short, Nigel D"]
[Black "Keymer, Vincent"]
[Result "1/2-1/2"]
[WhiteTitle "GM"]
[BlackTitle "GM"]
[WhiteElo "2626"]
[BlackElo "2607"]
[WhiteFideId "400025"]
[BlackFideId "12940690"]
[EventDate "2021.09.23"]

1. e4 c6 2. d4 d5 3. e5 Bf5 4. h4 h5 5. c4 e6 6. Nc3 dxc4 7. Bxc4 Nd7 8. Nge2
Be7 9. Ng3 Bg6 10. Nge4 Nh6 11. Bxh6 Rxh6 12. Qe2 Nb6 13. Rd1 Nxc4 14. Qxc4 Qb6
15. O-O Rd8 16. Rfe1 Qb4 17. Qxb4 Bxb4 18. a3 Be7 19. g3 Rh8 20. f3 Bf5 21. Kf2
f6 22. Ke3 Kf7 23. Rc1 Rd7 24. Nc5 Rc7 25. b4 Rd8 26. Red1 b6 27. N5e4 Rcd7 28.
f4 a5 29. Na4 axb4 30. axb4 Ra8 31. Nxb6 Ra3+ 32. Rd3 Rda7 33. Nc4 Rxd3+ 34.
Kxd3 Bxb4 35. Ke3 Kg6 36. Nc5 Ra2 37. Nd3 Be7 38. Nd2 Bd8 39. Rxc6 Ba5 40. Nc4
Rg2 41. Nc5 Bb4 42. Kf3 Rc2 43. Ne3 Rc3 44. Kf2 Bh3 45. Rc7 Ra3 46. Nd7 Rd3 47.
Nc2 Be7 48. Nc5 Bxc5 49. Rxc5 Bg4 50. exf6 1/2-1/2

[Event "26th Sigeman & Co 2021"]
[Site "Malmo SWE"]
[Date "2021.09.28"]
[Round "6.2"]
[White "Grandelius, Nils"]
[Black "Jones, Gawain C B"]
[Result "1/2-1/2"]
[WhiteTitle "GM"]
[BlackTitle "GM"]
[WhiteElo "2666"]
[BlackElo "2684"]
[WhiteFideId "1710400"]
[BlackFideId "409561"]
[EventDate "2021.09.23"]

1. e4 e5 2. Nf3 Nc6 3. Bb5 Nf6 4. d3 Bc5 5. c3 O-O 6. O-O d5 7. exd5 Qxd5 8. Bc4
Qd8 9. Nbd2 a5 10. h3 Bf5 11. Qc2 h6 12. Ne4 Bb6 13. Re1 Re8 14. Be3 Bxe3 15.
Nxf6+ Qxf6 16. Rxe3 Be6 17. Bxe6 Rxe6 18. Rae1 Rae8 19. Qb3 b6 20. Qc4 R6e7 21.
a3 Qe6 22. Qb5 Qd6 23. b4 axb4 24. axb4 Rd8 25. Qa4 Rde8 26. Qb5 Rd8 27. Qa4
Rde8 1/2-1/2

[Event "26th Sigeman & Co 2021"]
[Site "Malmo SWE"]
[Date "2021.09.28"]
[Round "6.3"]
[White "Van Foreest, Jorden"]
[Black "Bjerre, Jonas Buhl"]
[Result "1-0"]
[WhiteTitle "GM"]
[BlackTitle "GM"]
[WhiteElo "2691"]
[BlackElo "2550"]
[WhiteFideId "1039784"]
[BlackFideId "1444948"]
[EventDate "2021.09.23"]

1. e4 c5 2. Nc3 d6 3. f4 g6 4. Nf3 Bg7 5. Bb5+ Bd7 6. Bc4 Nc6 7. d3 Na5 8. Bd2
Nxc4 9. dxc4 Nf6 10. Qe2 O-O 11. O-O-O b5 12. cxb5 a6 13. e5 Ne8 14. b6 Qxb6 15.
Nd5 Qb7 16. Bc3 Be6 17. exd6 Bxc3 18. Nxe7+ Kh8 19. bxc3 Rb8 20. Qe5+ Ng7 21.
Qxc5 Rfd8 22. Nd4 Qxg2 23. Rhg1 Qh3 24. Ndc6 Rb5 25. Qd4 Rd7 26. Rg5 Rxg5 27.
fxg5 Qg2 28. h4 Rb7 29. Nd8 1-0

[Event "26th Sigeman & Co 2021"]
[Site "Malmo SWE"]
[Date "2021.09.28"]
[Round "6.4"]
[White "Bacrot, Etienne"]
[Black "Nihal, Sarin"]
[Result "1/2-1/2"]
[WhiteTitle "GM"]
[BlackTitle "GM"]
[WhiteElo "2658"]
[BlackElo "2652"]
[WhiteFideId "605506"]
[BlackFideId "25092340"]
[EventDate "2021.09.23"]

1. e4 e5 2. Nf3 Nc6 3. Bb5 a6 4. Ba4 Nf6 5. O-O Bc5 6. c3 O-O 7. d4 Ba7 8. Bg5
h6 9. Bh4 d6 10. Re1 b5 11. Bb3 Rb8 12. Qd3 g5 13. Bg3 Nh5 14. Bd5 Ne7 15. Nbd2
Ng6 16. dxe5 Nxg3 17. hxg3 dxe5 18. Qe2 g4 19. Nh2 h5 20. Ndf1 Qg5 21. Rad1 Ne7
22. Bb3 Kg7 23. Rd3 Rb6 24. Qe3 Qxe3 25. Nxe3 Rf6 26. Nhf1 Bc5 27. Bc2 Rd6 28.
Rxd6 Bxd6 29. Nd2 Rd8 30. Kf1 Bc5 31. Ke2 f6 32. b4 Bb6 33. a4 Be6 34. Ra1 Nc8
35. axb5 axb5 36. Ra8 c6 37. Bb3 Bd7 38. Rb8 Ba7 39. Rb7 Bxe3 40. Kxe3 Nd6 41.
Ra7 1/2-1/2

[Event "26th Sigeman & Co 2021"]
[Site "Malmo SWE"]
[Date "2021.09.29"]
[Round "7.1"]
[White "Bjerre, Jonas Buhl"]
[Black "Bacrot, Etienne"]
[Result "1/2-1/2"]
[WhiteTitle "GM"]
[BlackTitle "GM"]
[WhiteElo "2550"]
[BlackElo "2658"]
[WhiteFideId "1444948"]
[BlackFideId "605506"]
[EventDate "2021.09.23"]

1. e4 e6 2. d4 d5 3. Nd2 c5 4. exd5 Qxd5 5. dxc5 Qxc5 6. Ngf3 Nf6 7. Bd3 Nbd7 8.
O-O Qc7 9. a4 b6 10. a5 bxa5 11. Nb3 Be7 12. Nxa5 O-O 13. Nd4 Nc5 14. Qf3 Bd7
15. Bb5 Rfc8 16. c4 Bd6 17. h3 e5 18. Bxd7 Qxd7 19. Nf5 e4 20. Nh6+ Kf8 21. Qf5
Nd3 22. Qxd7 Nxd7 23. Nf5 Be5 24. Rb1 Nb4 25. Rd1 Nc5 26. Nd6 Bxd6 27. Rxd6 Ke7
28. Rd4 Rab8 29. b3 Ke6 30. f3 f5 31. fxe4 Nxe4 32. Bd2 Rc5 33. Bxb4 Rxb4 34.
Ra1 Rb8 35. Rdd1 h5 36. h4 f4 37. Rd4 Ng3 38. Kf2 Kf5 39. Kf3 g5 40. hxg5 Kxg5
41. Rxf4 Nf5 42. Re4 Rf8 43. g3 Nd6+ 44. Rf4 Rcf5 45. Rxf5+ Rxf5+ 46. Kg2 Ne4
47. Re1 Nxg3 48. Nc6 h4 49. Nd4 Ra5 50. Kh3 Nf5 51. Rg1+ Kf6 52. Rf1 Kg6 53.
Rg1+ Kf6 54. Nxf5 Kxf5 55. Kxh4 Ra3 56. Rg5+ Ke4 57. b4 Rc3 58. Rg4+ Ke5 59. Kg5
Rb3 60. c5 Kd5 61. Kf6 a5 62. bxa5 Kxc5 63. a6 Kb6 64. Ra4 Ka7 1/2-1/2

[Event "26th Sigeman & Co 2021"]
[Site "Malmo SWE"]
[Date "2021.09.29"]
[Round "7.2"]
[White "Jones, Gawain C B"]
[Black "Van Foreest, Jorden"]
[Result "1-0"]
[WhiteTitle "GM"]
[BlackTitle "GM"]
[WhiteElo "2684"]
[BlackElo "2691"]
[WhiteFideId "409561"]
[BlackFideId "1039784"]
[EventDate "2021.09.23"]

1. e4 e6 2. d4 d5 3. e5 c5 4. c3 Nc6 5. Nf3 Bd7 6. Be2 Nge7 7. O-O Nf5 8. dxc5
a5 9. Bd3 Bxc5 10. Nbd2 a4 11. b4 axb3 12. Nxb3 Bb6 13. Re1 O-O 14. Bg5 Qc7 15.
Qd2 Ra4 16. h3 h6 17. Bf4 Nce7 18. Bh2 Nh4 19. Nfd4 Nhg6 20. Rac1 Rfa8 21. Bb1
Rc4 22. Bd3 Rca4 23. Bb1 Rc4 24. Re3 Rc8 25. Kh1 Ba4 26. Rg3 Bxb3 27. Nb5 Qc6
28. axb3 Rf4 29. Rxg6 Nxg6 30. Bxf4 Qxb5 31. Bd3 Qc6 32. Bxg6 fxg6 33. c4 g5 34.
Bg3 Qc5 35. Qd3 Rc6 36. Ra1 Rc8 37. Qg6 Qc6 38. Rd1 Rd8 39. h4 Rf8 40. hxg5 hxg5
41. cxd5 exd5 42. Qxg5 Bxf2 43. Bxf2 Rxf2 44. Qd8+ Kf7 45. Qxd5+ Qxd5 46. Rxd5
Ke6 47. Rb5 Rf7 48. Kh2 Kf5 49. Kh3 g6 50. g4+ Kf4 51. Rb4+ Kg5 52. Kg3 Rf1 53.
Rb5 Rd1 54. Kf3 Rd4 55. Rxb7 Rf4+ 56. Ke3 Rxg4 57. Rf7 Rb4 58. e6 Rxb3+ 59. Kd4
Rb1 60. e7 Re1 61. Kd5 Kg4 62. Kd6 g5 63. Rf8 Kg3 64. Rf5 Rxe7 65. Kxe7 g4 66.
Kf6 Kh4 67. Rg5 1-0

[Event "26th Sigeman & Co 2021"]
[Site "Malmo SWE"]
[Date "2021.09.29"]
[Round "7.3"]
[White "Keymer, Vincent"]
[Black "Grandelius, Nils"]
[Result "1-0"]
[WhiteTitle "GM"]
[BlackTitle "GM"]
[WhiteElo "2607"]
[BlackElo "2666"]
[WhiteFideId "12940690"]
[BlackFideId "1710400"]
[EventDate "2021.09.23"]

1. d4 Nf6 2. c4 g6 3. g3 Bg7 4. Bg2 d5 5. cxd5 Nxd5 6. e4 Nb6 7. Ne2 c5 8. d5
O-O 9. O-O e6 10. a4 exd5 11. exd5 Na6 12. Nec3 Nc4 13. Na3 Ne5 14. h3 Nb4 15.
Ne4 b6 16. Bg5 f6 17. Bf4 Ned3 18. Qb3 Nxf4 19. gxf4 Kh8 20. Rad1 Bb7 21. Nc4
Qd7 22. Ned6 Ba6 23. Rfe1 Bxc4 24. Nxc4 Rae8 25. d6 Qf7 26. f5 Bh6 27. fxg6 hxg6
28. Rxe8 Rxe8 29. Qg3 Rd8 30. b3 Kh7 31. Re1 Rd7 32. Be4 Bg7 33. Re2 f5 34. Bg2
Qf6 35. Qe3 Qa1+ 36. Kh2 Bh6 37. Qg3 Qf6 38. h4 Bf8 39. Rd2 a6 40. Kh3 Rd8 41.
d7 b5 42. axb5 axb5 43. Ne5 Be7 44. f4 Kg7 45. Bf3 c4 46. bxc4 bxc4 47. Rg2 g5
48. Qe1 g4+ 49. Bxg4 fxg4+ 50. Rxg4+ Kf8 51. Qe4 Nd3 52. Nxd3 Qc3 53. Rg3 Bxh4
54. Kxh4 Qf6+ 55. Kg4 cxd3 56. Rxd3 Qg7+ 57. Kf3 Qf6 58. Qd5 1-0

[Event "26th Sigeman & Co 2021"]
[Site "Malmo SWE"]
[Date "2021.09.29"]
[Round "7.4"]
[White "Nihal, Sarin"]
[Black "Short, Nigel D"]
[Result "1/2-1/2"]
[WhiteTitle "GM"]
[BlackTitle "GM"]
[WhiteElo "2652"]
[BlackElo "2626"]
[WhiteFideId "25092340"]
[BlackFideId "400025"]
[EventDate "2021.09.23"]

1. d4 Nf6 2. c4 e6 3. Nc3 Bb4 4. Qc2 Nc6 5. Nf3 d6 6. Bd2 O-O 7. a3 Bxc3 8. Bxc3
a5 9. e4 e5 10. dxe5 dxe5 11. Nxe5 Nxe5 12. Bxe5 Re8 13. Rd1 Qe7 14. Bxf6 Qxe4+
15. Qxe4 Rxe4+ 16. Be2 gxf6 17. Rd8+ Kg7 18. f3 Re7 19. Kf2 b6 20. Rhd1 Bb7 21.
Rxa8 Bxa8 22. c5 Bc6 23. cxb6 cxb6 24. Rd6 Re6 25. Rd4 h6 26. Bc4 Re5 27. b4
axb4 28. axb4 Ba4 29. g3 Re7 30. Bd3 Rd7 31. Ke3 Rxd4 32. Kxd4 Kf8 33. f4 1/2-1/2